Kraje produkujące najwięcej gazu ziemnego - Statystyki

Ogólne statystyki
  • Ten quiz został rozwiązany 198 razy
  • Średni wynik to 30 z 50
Statystyki odpowiedzi
Metry sześcienne Kraj % Poprawnych
772 799 987 712 Stany Zjednoczone
98%
665 600 000 000 Rosja
97%
145 899,995,136 Chiny
92%
5,747,999,744 Polska
89%
159 099 994 112 Kanada
88%
23 960 000 512 Brazylia
86%
7 900 000 256 Niemcy
86%
109 299 998,720 Arabia Saudyjska
84%
31 540 000 776 Indie
82%
214 499 999 744 Iran
82%
166 400 000 000 Katar
82%
31,569,999,872 Meksyk
82%
123 900,002,304 Norwegia
80%
42 110 001,152 Wielka Brytania
79%
40,919,998,464 Argentyna
75%
105 200 001,024 Australia
75%
62 009,999,360 Zjednoczone Emiraty Arabskie
75%
50 859,999,232 Egipt
73%
31 229 999,104 Oman
72%
22 410 000 384 Kazachstan
71%
27 069 999 104 Wenezuela
71%
93 499,998,208 Algieria
70%
39 049,998,336 Pakistan
70%
19 729 999 872 Ukraina
70%
10 099,999,744 Kolumbia
69%
17 100 000 256 Kuwejt
68%
72.090.001,408 Indonezja
66%
9 089 000 448 Libia
65%
5 550 000128 Włochy
65%
44 480 000 000 Nigeria
61%
12 990 000,128 Peru
58%
15 889 999,872 Bahrajn
55%
52 100 001,792 Uzbekistan
47%
69 489 999,872 Malezja
45%
77.450.002,432 Turkmenistan
45%
8 097,999,872 Wietnam
45%
18 690 000 889 Boliwia
42%
9 825,999,872 Izrael
42%
38 590 001,152 Tajlandia
42%
10 869 999 616 Rumunia
37%
45,330,001,920 Holandia
36%
16 960 000 000 Azerbejdżan
35%
29 529 999,360 Bangladesz
32%
18 410 000 384 Mjanma
28%
12 739 999 744 Brunei
17%
11 180 000 256 Papua-Nowa Gwinea
8%
6 002 999,808 Mozambik
7%
5 776 000 000 Timor Wschodni
4%
36 729 999 360 Trynidad i Tobago
3%
6 069 000 192 Gwinea Równikowa
2%
Nie znaleziono quizów pasujących do podanych kryteriów
Rozkład punktacji
Procent ludzi z każdym wynikiem
Percentyl według liczby udzielonych odpowiedzi
Twoja historia wyników
Nie rozwiązałeś tego quizu